|
|
|
|
| LEADER |
00000nam2a2200000 4500 |
| 001 |
9651 |
| 005 |
20231101204653.0 |
| 010 |
|
|
|a 522200046X
|
| 035 |
|
|
|a (RuTPU)RU\TPU\book\9706
|
| 035 |
|
|
|a BOOK00009768
|
| 090 |
|
|
|a 9651
|
| 100 |
|
|
|a 20011209d1997 km y0rusy50 ca
|
| 101 |
1 |
|
|a rus
|c ger
|
| 102 |
|
|
|a RU
|
| 105 |
|
|
|a y z 000zy
|
| 200 |
0 |
|
|a Т. 1 в 3 кн. Кн. 1: До упразднения царской власти. Кн. 2: От упразднения царской власти до объединения Италии. Кн. 3: От объединения Италии до покорения Карфагена и греческих государств
|
| 210 |
|
|
|d 1997
|
| 215 |
|
|
|a 637 с.
|
| 461 |
|
1 |
|0 (RuTPU)RU\TPU\book\106258
|t История Рима
|o в 4 т.
|f Т. Моммзен
|v Т. 1 в 3 кн. Кн. 1: До упразднения царской власти. Кн. 2: От упразднения царской власти до объединения Италии. Кн. 3: От объединения Италии до покорения Карфагена и греческих государств
|d 1997-
|
| 606 |
1 |
|
|a Рим Древний
|x История
|2 stltpush
|3 (RuTPU)RU\TPU\subj\58965
|9 76639
|
| 610 |
1 |
|
|a всемирная история
|
| 610 |
1 |
|
|a античная история
|
| 610 |
1 |
|
|a Римская империя
|
| 610 |
1 |
|
|a Италия
|
| 686 |
|
|
|a Т3(0)323
|v LBC/SL-A
|2 rubbk
|
| 801 |
|
0 |
|a RU
|b 63413507
|c 20011209
|g PSBO
|
| 801 |
|
2 |
|a RU
|b 63413507
|c 20230407
|g PSBO
|
| 942 |
|
|
|c BK
|